| 000 | 00649nam a2200193Ia 4500 | ||
|---|---|---|---|
| 003 | GCL | ||
| 008 | 140319s9999 xx 000 0 ara d | ||
| 040 |
_aGCL / _cGCL |
||
| 082 | 0 | 4 |
_aق _b330.962 _bس ا |
| 100 | 1 | _aسامى عفيفى حاتم | |
| 245 | 1 | 0 |
_aالاقتصاد المصرى بين الواقع والطموح / _cسامى عفيفى حاتم |
| 260 |
_aالقاهرة : _bالدار المصرية اللبنانية ، _c1988 |
||
| 300 |
_a482 ص ؛ _c24 سم |
||
| 490 | _a | ||
| 650 | 0 | 4 | _aالاقتصاد |
| 650 | 0 | 4 | _aالاقتصاد - مصر |
| 650 | 0 | 4 | _aمصر - الاحوال الاقتصادية |
| 942 |
_2ddc _cBK |
||
| 999 |
_c51447 _d51447 |
||